U.S. Geography by Letter - C - Statistics

General Stats
  • This quiz has been taken 74,411 times
    19,279 since last reset
  • The average score is 11 of 20
Answer Stats
Clue Answer % Correct
Most populous state in the U.S. California
99%
"The Windy City" Chicago
96%
State in New England Connecticut
93%
River that flows through the Grand Canyon Colorado
90%
Ocean bay which cuts into Maryland and Virginia {Chesapeake} Bay
69%
Capital of Wyoming Cheyenne
69%
Most populous city in South Carolina Charleston
63%
Most populous city on Lake Erie Cleveland
63%
City home to both Harvard and MIT Cambridge
60%
Hook-shaped feature of Massachusetts {Cape} {Cod}
59%
Longest river in the Pacific Northwest Columbia
52%
Mountain range that Mount Rainier and Mount Hood are part of {Cascade} Range
49%
Deepest lake in the U.S., located atop a volcano {Crater} Lake
47%
By an act of Congress in 1998, this lake in New York and Vermont was officially named the sixth Great Lake. (This status was rescinded two weeks later). Lake {Champlain}
36%
Cave complex found in New Mexico {Carlsbad} Caverns
34%
Mountain pass through which Daniel Boone entered Kentucky {Cumberland} Gap
31%
New York mountain range whose summer resorts were known as the "Borscht Belt" {Catskill} Mountains
30%
River that flows through the above city which caught on fire several times Cuyahoga
26%
Valley in California producing more than half the nation's vegetables, fruits, and nuts {Central} Valley
24%
Industry which the city of Battle Creek, Michigan is known for Cereal
22%
No matching quizzes found
Score Distribution
Percent of People with Each Score
Percentile by Number Answered
Your Score History
You have not taken this quiz since the last reset